000 00439nab a2200145Ia 4500
003 ES-SlBCS
005 20210601125306.0
008 140529s2000 xxu||||| |||| 00| 0 eng d
041 _aeng
100 1 _aKaplan, Mark
_9156383
245 0 0 _aTo What Must an Epistemology Be True?
_c Mark Kaplan
650 0 4 _aEpistemología
_986254
773 0 _tPhilosophy and Phenomenological Research
_gvol. 61, 2000, págs. 279-304
_wRev1411
942 _cAR
999 _c527930
_d527930